Cỏ dại, chuột và ốc hại cây trồng
Gardado en:
| Autor Principal: | |
|---|---|
| Formato: | Libro |
| Idioma: | Undetermined |
| Publicado: |
Hà Nội
Nông Nghiệp
2005
|
| Những chủ đề: | |
| Các nhãn: |
Engadir etiqueta
Sen Etiquetas, Sexa o primeiro en etiquetar este rexistro!
|
| Thư viện lưu trữ: | Trung tâm Học liệu Trường Đại học Cần Thơ |
|---|
| LEADER | 00646nam a2200205Ia 4500 | ||
|---|---|---|---|
| 001 | CTU_124896 | ||
| 008 | 210402s9999 xx 000 0 und d | ||
| 020 | |c 9000 | ||
| 082 | |a 632.9 | ||
| 082 | |b Ch312/Q.8 | ||
| 100 | |a Nguyễn, Mạnh Chinh | ||
| 245 | 0 | |a Cỏ dại, chuột và ốc hại cây trồng | |
| 245 | 0 | |c Nguyễn Mạnh Chinh, Mai Văn Quyền, Nguyễn Đăng Nghĩa | |
| 260 | |a Hà Nội | ||
| 260 | |b Nông Nghiệp | ||
| 260 | |c 2005 | ||
| 650 | |a Plants, protection of,Pest control,Plants | ||
| 650 | |x Diseases | ||
| 904 | |i M.Loan | ||
| 980 | |a Trung tâm Học liệu Trường Đại học Cần Thơ | ||